Capital Cities by Letter- C - Statistics

General Stats
  • This quiz has been taken 30 times
  • The average score is 11 of 15
Answer Stats
Country Capital % Correct
China Beijing
100%
Columbia Bogota
100%
Canada Ottawa
100%
Chile Santiago
100%
Cuba Havana
93%
Czechia Prague
93%
Cyprus Nicosia
85%
Cambodia Phnom Penh
85%
Croatia Zagreb
74%
Cape Verde Praia
56%
Comoros Moroni
52%
Cameroon Yaounde
52%
Central African Republic Bangui
48%
Chad N'Djamena
48%
Costa Rica Kinshasa
11%
No matching quizzes found
Score Distribution
Percent of People with Each Score
Percentile by Number Answered
Your Score History
You have not taken this quiz